000 00461nam a22001817a 4500
003 CEME
005 20210628201845.0
008 210208b xxu||||| |||| 00| 0 eng d
020 _a81-203-0080-7
040 _c.
082 _a621.3 DEK
100 _aDekker, Adrianus J
_957121
245 _aElectrical engineering materials
260 _aNEW DELHI
_bPRENTICE HALL
_c2004
300 _aIX,208P
650 _aENGINEERING MATERIALS
_944720
942 _cBK
_2ddc
999 _c567419
_d567419